Segregación espacial, empleo y pobreza en Montevideo /

Gorde:
Xehetasun bibliografikoak
Egile nagusia: Kaztman, Rubén
Beste egile batzuk: Retamoso, Alejandro
Formatua: Texto
Etiketak: Etiketa erantsi
Etiketarik gabe, Izan zaitez lehena erregistro honi etiketa jartzen!

MARC

LEADER 00000 a a2200000 04500
001 15989
003
040
100 |a Kaztman, Rubén  
245 |a Segregación espacial, empleo y pobreza en Montevideo /  |c Rubén Kaztman  
700 |a Retamoso, Alejandro  
773 |g número 85; páginas 131-148  
999 |c 20805  |d 20805